<?xml version="1.0" encoding="UTF-8"?>
<record
    xmlns:xsi="http://www.w3.org/2001/XMLSchema-instance"
    xsi:schemaLocation="http://www.loc.gov/MARC21/slim http://www.loc.gov/standards/marcxml/schema/MARC21slim.xsd"
    xmlns="http://www.loc.gov/MARC21/slim">

  <leader>00714nam a2200181   4500</leader>
  <controlfield tag="003">LK-CoMWRAF</controlfield>
  <controlfield tag="005">20240128211738.0</controlfield>
  <controlfield tag="008">240128b        |||||||| |||| 00| 0 eng d</controlfield>
  <datafield tag="040" ind1=" " ind2=" ">
    <subfield code="a">LK-CoMWRAF</subfield>
    <subfield code="d">LK-CoMWRAF</subfield>
    <subfield code="e">LK-CoMWRAF</subfield>
  </datafield>
  <datafield tag="041" ind1=" " ind2=" ">
    <subfield code="a">sin</subfield>
    <subfield code="a">tam</subfield>
    <subfield code="a">eng</subfield>
  </datafield>
  <datafield tag="082" ind1=" " ind2=" ">
    <subfield code="a">746.44</subfield>
    <subfield code="b">EMB</subfield>
  </datafield>
  <datafield tag="245" ind1=" " ind2=" ">
    <subfield code="a">&#xD91;&#xDB8;&#xDCA;&#xDB6;&#xDCA;&#x200D;&#xDBB;&#xDDC;&#xDBA;&#xDD2;&#xDA9;&#xDBB;&#xDCA; &#xDB8;&#xDD0;&#xDC3;&#xDCA;&#xDB8; &#xD89;&#xD9C;&#xDD9;&#xDB1; &#xD9C;&#xDB1;&#xDCA;&#xDB1; = &#xB8E;&#xBAE;&#xBCD;&#xBAA;&#xBC1;&#xBB1;&#xBCA;&#xBAF;&#xBCD;&#xB9F;&#xBB1;&#xBBF; &#xBA4;&#xBC8;&#xBAF;&#xBB2;&#xBCD; &#xB95;&#xBB1;&#xBCD;&#xBB1;&#xBC1;&#xB95;&#xBCD;&#xB95;&#xBCA;&#xBB3;&#xBCD;&#xBB3;&#xBC1;&#xB99;&#xBCD;&#xB95;&#xBB3;&#xBCD; = Learn Embroidery</subfield>
  </datafield>
  <datafield tag="246" ind1=" " ind2=" ">
    <subfield code="a">Embroidar masma igena ganna = Empu&#x1E5F;oy&#x1E6D;a&#x1E5F;i taiyal ka&#x1E5F;&#x1E5F;ukko&#x1E37;&#x1E37;u&#x1E45;ka&#x1E37;</subfield>
  </datafield>
  <datafield tag="260" ind1=" " ind2=" ">
    <subfield code="a">Colombo :</subfield>
    <subfield code="b">Singer (Sri Lanka) Ltd</subfield>
  </datafield>
  <datafield tag="650" ind1=" " ind2=" ">
    <subfield code="a">Sewing</subfield>
  </datafield>
  <datafield tag="650" ind1=" " ind2=" ">
    <subfield code="a">Embroidering</subfield>
  </datafield>
  <datafield tag="942" ind1=" " ind2=" ">
    <subfield code="c">BK</subfield>
  </datafield>
  <datafield tag="952" ind1=" " ind2=" ">
    <subfield code="0">0</subfield>
    <subfield code="1">0</subfield>
    <subfield code="4">0</subfield>
    <subfield code="7">0</subfield>
    <subfield code="a">MAIN</subfield>
    <subfield code="b">MAIN</subfield>
    <subfield code="d">2024-01-28</subfield>
    <subfield code="l">0</subfield>
    <subfield code="o">746.44 EMB</subfield>
    <subfield code="p">RAF4999</subfield>
    <subfield code="r">2024-01-28</subfield>
    <subfield code="w">2024-01-28</subfield>
    <subfield code="y">BK</subfield>
  </datafield>
  <datafield tag="999" ind1=" " ind2=" ">
    <subfield code="c">4684</subfield>
    <subfield code="d">4684</subfield>
  </datafield>
</record>
